[Event "Treviso Lega op-A 2nd"]
[Site "Treviso"]
[Date "2018.03.03"]
[Round "3"]
[White "Ballarin, Gabriele"]
[Black "Turu, Indrek"]
[Result "0-1"]
[WhiteElo "1875"]
[BlackElo "1919"]
[PlyCount "72"]
[EventDate "2018.03.02"]
[EventType "swiss"]
[EventRounds "5"]
[EventCountry "ITA"]
[SourceTitle "EXT 2022"]
[Source "ChessBase"]
[SourceDate "2021.10.06"]
[SourceVersion "1"]
[SourceVersionDate "2021.10.06"]
[SourceQuality "1"]

1. e4 e6 2. d4 d5 3. Nc3 Bb4 4. e5 c5 5. a3 Bxc3+ 6. bxc3 Ne7 7. Qg4 Qc7 8. Qxg7 Rg8 9. Qxh7 cxd4 10. Ne2 Nbc6 11. f4 Bd7 12. Qd3 dxc3 13. g3 d4 14. Nxd4 Nxd4 15. Qxd4 Nf5 16. Qf2 0-0-0 17. Rg1 Bc6 18. Bd3 Nd4 19. Rf1 Rh8 20. h4 Rhg8 21. Be3 Nf3+ 22. Ke2 Nxh4 23. Qe1 Ng2 24. Qf2 Nxe3 25. Qxe3 Kb8 26. a4 Qa5 27. Rfb1 Rh8 28. Rf1 Rh3 29. Rab1 Rg8 30. Qd4 Rhxg3 31. Qd6+ Ka8 32. Qb4 Qd5 33. Rf2 Rg2 34. Rbf1 Qf3+ 35. Ke1 Qe3+ 36. Kd1 Bf3+ 0-1

[Event "Treviso Lega op-A 2nd"]
[Site "Treviso"]
[Date "2018.03.03"]
[Round "2"]
[White "Turu, Indrek"]
[Black "Sforza, Michelangelo"]
[Result "1-0"]
[WhiteElo "1919"]
[BlackElo "1745"]
[PlyCount "81"]
[EventDate "2018.03.02"]
[EventType "swiss"]
[EventRounds "5"]
[EventCountry "ITA"]
[SourceTitle "EXT 2022"]
[Source "ChessBase"]
[SourceDate "2021.10.06"]
[SourceVersion "1"]
[SourceVersionDate "2021.10.06"]
[SourceQuality "1"]

1. e4 e5 2. Nf3 Nc6 3. Bb5 a6 4. Ba4 Nf6 5. 0-0 Be7 6. Re1 b5 7. Bb3 0-0 8. c3 d5 9. exd5 Nxd5 10. Nxe5 Nxe5 11. Rxe5 c6 12. d4 Bd6 13. Re1 Qh4 14. g3 Qh3 15. Be3 Bg4 16. Qd3 Nf4 17. Bxf4 Bxf4 18. Qe4 g5 19. Qg2 Rae8 20. Na3 Bd2 21. Rxe8 Qxg2+ 22. Kxg2 Rxe8 23. Nc2 Bf5 24. Rd1 Be4+ 25. Kg1 Bxc2 26. Bxc2 Re1+ 27. Rxe1 Bxe1 28. Kf1 Bd2 29. Ke2 Bc1 30. b4 g4 31. Be4 Bg5 32. Kd3 c5 33. bxc5 h6 34. Bb7 a5 35. Ba6 b4 36. cxb4 axb4 37. Kc4 Kf8 38. Kxb4 Bd2+ 39. Kb5 Bc3 40. c6 Ke7 41. c7 1-0

[Event "EU-ch rapid"]
[Site "Tallinn"]
[Date "2016.12.15"]
[Round "1"]
[White "Potkin, Vladimir"]
[Black "Turu, Indrek"]
[Result "1-0"]
[WhiteElo "2597"]
[BlackElo "1929"]
[PlyCount "67"]
[EventDate "2016.12.15"]
[EventType "swiss (rapid)"]
[EventRounds "11"]
[EventCountry "EST"]
[SourceTitle "CBM 176 Extra"]
[Source "ChessBase"]
[SourceDate "2017.03.02"]
[SourceVersion "1"]
[SourceVersionDate "2017.03.02"]
[SourceQuality "1"]

1. c4 e5 2. Nc3 Nc6 3. Nf3 d6 4. g3 g6 5. d4 Bg7 6. d5 Nce7 7. Bg2 f5 8. Ng5 Nf6 9. 0-0 0-0 10. Qb3 h6 11. Ne6 Bxe6 12. dxe6 c6 13. Qxb7 e4 14. Rd1 Ng4 15. h3 Ne5 16. Qa6 Qc7 17. f4 exf3 18. exf3 g5 19. f4 gxf4 20. gxf4 N5g6 21. Be3 Kh7 22. Rd2 Rf6 23. Nb5 cxb5 24. Bxa8 Rxe6 25. Qxa7 Qxc4 26. Rf1 b4 27. Bh1 d5 28. Qc5 Qxa2 29. Bd4 Qb3 30. Bxg7 Kxg7 31. Qd4+ Kh7 32. Qd3 Qa4 33. Bxd5 Rd6 34. Bg8+ 1-0

[Event "World Amateur-ch"]
[Site "Chalkidiki"]
[Date "2015.04.18"]
[Round "6"]
[White "Turu, Indrek"]
[Black "Ursta Anghel, Mihai"]
[Result "1-0"]
[WhiteElo "1870"]
[BlackElo "1939"]
[PlyCount "61"]
[EventDate "2015.04.14"]
[EventType "team-swiss"]
[EventRounds "9"]
[EventCountry "GRE"]
[SourceTitle "CBM 166 Extra"]
[Source "ChessBase"]
[SourceDate "2015.06.18"]
[SourceVersion "1"]
[SourceVersionDate "2015.06.18"]
[SourceQuality "1"]

1. e4 c5 2. Nc3 Nc6 3. g3 g6 4. Bg2 Bg7 5. d3 d6 6. f4 e6 7. Nf3 Nge7 8. Be3 Nd4 9. 0-0 0-0 10. e5 Nef5 11. Bf2 Nxf3+ 12. Qxf3 Nd4 13. Qd1 dxe5 14. fxe5 Bxe5 15. Ne4 Rb8 16. c3 Nf5 17. Bxc5 b6 18. Bxf8 Ne3 19. Qf3 Nxf1 20. Ba3 f5 21. Rxf1 fxe4 22. Qf7+ Kh8 23. Bxe4 Bd7 24. Bf8 Qe8 25. d4 Qxf7 26. Rxf7 Be8 27. Rxa7 Bf6 28. Bd6 Rd8 29. Be7 Bxe7 30. Rxe7 Bd7 31. Kg2 1-0

[Event "World Amateur-ch"]
[Site "Chalkidiki"]
[Date "2015.04.15"]
[Round "3"]
[White "Magallanes, Gustavo"]
[Black "Turu, Indrek"]
[Result "1/2-1/2"]
[WhiteElo "1950"]
[BlackElo "1870"]
[PlyCount "81"]
[EventDate "2015.04.14"]
[EventType "team-swiss"]
[EventRounds "9"]
[EventCountry "GRE"]
[SourceTitle "CBM 166 Extra"]
[Source "ChessBase"]
[SourceDate "2015.06.18"]
[SourceVersion "1"]
[SourceVersionDate "2015.06.18"]
[SourceQuality "1"]

1. e4 e6 2. d3 b6 3. Nf3 Bb7 4. g3 d6 5. Bg2 Nf6 6. Nbd2 Be7 7. 0-0 0-0 8. Re1 c5 9. Nf1 Nc6 10. h4 Nd7 11. N1h2 Nde5 12. Nxe5 Nxe5 13. f4 Nc6 14. Nf3 d5 15. c3 dxe4 16. dxe4 Qxd1 17. Rxd1 Rfd8 18. Be3 Na5 19. Nd2 Rd3 20. Kf2 Rad8 21. Bf3 a6 22. Be2 R3d7 23. b3 Nc6 24. Nf3 Kf8 25. Rxd7 Rxd7 26. Rd1 Rxd1 27. Bxd1 Bd6 28. Bc2 h6 29. e5 Bc7 30. Nd2 Ne7 31. c4 Nf5 32. Be4 Bxe4 33. Nxe4 Ke8 34. Kf3 Kd7 35. Bf2 Bd8 36. Ke2 Kc6 37. Kd3 Be7 38. a4 b5 39. axb5+ axb5 40. Nc3 b4 41. h5 1/2-1/2

[Event "FICGS W-ch st1 g05 email"]
[Site "FICGS email"]
[Date "2009.02.03"]
[Round "1"]
[White "Gray, Garvin"]
[Black "Turu, Indrek"]
[Result "1-0"]
[WhiteElo "2111"]
[BlackElo "1723"]
[PlyCount "47"]
[EventDate "2009.??.??"]
[EventType "tourn (corr)"]
[EventRounds "8"]
[SourceTitle "Corr 2022"]
[Source "ChessBase"]
[SourceDate "2021.10.24"]
[SourceVersion "1"]
[SourceVersionDate "2021.10.24"]
[SourceQuality "1"]

1. d4 d5 2. Nf3 Nf6 3. Bf4 Bf5 4. e3 e6 5. Nbd2 Bd6 6. Ne5 0-0 7. c3 Nbd7 8. Be2 Ne4 9. Nxe4 Bxe4 10. f3 Bg6 11. Nxg6 hxg6 12. Bxd6 cxd6 13. h4 Rb8 14. Qd2 b5 15. h5 g5 16. h6 g6 17. Bd3 a5 18. Be2 b4 19. c4 dxc4 20. Bxc4 a4 21. Kf2 Qf6 22. Rac1 Kh7 23. Be2 Rfc8 24. Rxc8 1-0

[Event "FICGS W-ch st1 g05 email"]
[Site "FICGS email"]
[Date "2009.02.03"]
[Round "1"]
[White "Romaniuk, Dmytro"]
[Black "Turu, Indrek"]
[Result "1-0"]
[WhiteElo "1917"]
[BlackElo "1723"]
[PlyCount "23"]
[EventDate "2009.??.??"]
[EventType "tourn (corr)"]
[EventRounds "8"]
[SourceTitle "Corr 2022"]
[Source "ChessBase"]
[SourceDate "2021.10.24"]
[SourceVersion "1"]
[SourceVersionDate "2021.10.24"]
[SourceQuality "1"]

1. d4 Nf6 2. c4 g6 3. Nc3 Bg7 4. e4 d6 5. f3 0-0 6. Be3 c5 7. d5 Nbd7 8. Nh3 Ne5 9. Nf2 Bd7 10. Be2 Qb6 11. Rb1 e6 12. f4 1-0

[Event "FICGS W-ch st1 g05 email"]
[Site "FICGS email"]
[Date "2009.02.03"]
[Round "1"]
[White "Turu, Indrek"]
[Black "Bromo, Alexis"]
[Result "1-0"]
[WhiteElo "1723"]
[BlackElo "1519"]
[PlyCount "35"]
[EventDate "2009.??.??"]
[EventType "tourn (corr)"]
[EventRounds "8"]
[SourceTitle "Corr 2022"]
[Source "ChessBase"]
[SourceDate "2021.10.24"]
[SourceVersion "1"]
[SourceVersionDate "2021.10.24"]
[SourceQuality "1"]

1. e4 c5 2. Nf3 Nc6 3. d4 cxd4 4. Nxd4 Nxd4 5. Qxd4 d6 6. Nc3 e5 7. Bb5+ Bd7 8. Qd5 Bxb5 9. Qxb5+ Qd7 10. Be3 Qxb5 11. Nxb5 0-0-0 12. Nxa7+ Kd7 13. 0-0 Nf6 14. f3 d5 15. exd5 Nxd5 16. Rfd1 Ke6 17. c4 Nxe3 18. Rxd8 1-0

[Event "Hiiumaa Summer op"]
[Site "Kardla"]
[Date "2009.??.??"]
[Round "1"]
[White "Haitin, Ilja"]
[Black "Turu, Indrek"]
[Result "1-0"]
[WhiteElo "2224"]
[BlackElo "1812"]
[PlyCount "75"]
[EventDate "2009.07.10"]
[EventType "swiss"]
[EventRounds "7"]
[EventCountry "EST"]
[SourceTitle "EXT 2018"]
[Source "ChessBase"]
[SourceDate "2017.10.13"]
[SourceVersion "1"]
[SourceVersionDate "2017.10.13"]
[SourceQuality "1"]

1. b3 e5 2. Bb2 Nc6 3. e3 Nf6 4. Bb5 d6 5. Ne2 Bd7 6. d4 a6 7. dxe5 dxe5 8. Bd3 Bc5 9. Ng3 h5 10. a3 Qe7 11. Nd2 0-0-0 12. Qe2 Bg4 13. f3 Bd7 14. Nge4 Nd5 15. Nxc5 Qxc5 16. c4 Nxe3 17. b4 Nd4 18. bxc5 Nxe2 19. Kxe2 Nxg2 20. Bc2 Bc6 21. Bc3 g5 22. Rad1 Nf4+ 23. Ke3 Rhf8 24. Ne4 f6 25. Rxd8+ Kxd8 26. Ng3 Ke7 27. Nf5+ Ke6 28. Rd1 Rg8 29. Ba5 Rc8 30. Rd2 Kf7 31. Be4 Bxe4 32. fxe4 Ke6 33. Ng7+ Ke7 34. c6 bxc6 35. Bb4+ Kf7 36. Rd7+ Kg8 37. Nf5 c5 38. Ne7+ 1-0

[Event "Polva op 29th"]
[Site "Polva"]
[Date "2008.08.15"]
[Round "1"]
[White "Sarapik, Kristjan"]
[Black "Turu, Indrek"]
[Result "1-0"]
[WhiteElo "2135"]
[BlackElo "1790"]
[PlyCount "57"]
[EventDate "2008.08.15"]
[EventType "swiss"]
[EventRounds "7"]
[EventCountry "EST"]
[SourceTitle "EXT 2009"]
[Source "ChessBase"]
[SourceDate "2008.11.26"]
[SourceVersion "1"]
[SourceVersionDate "2008.11.26"]
[SourceQuality "1"]

1. d4 d5 2. c4 c6 3. Nf3 Nf6 4. Nc3 e6 5. e3 Bd6 6. Bd3 Nbd7 7. 0-0 0-0 8. Re1 Re8 9. e4 dxe4 10. Nxe4 Nxe4 11. Bxe4 Nf8 12. Bg5 Qc7 13. Qb3 h6 14. Bh4 c5 15. Rad1 Bd7 16. dxc5 Bxc5 17. Bg3 Qa5 18. Qxb7 Qa4 19. b3 Qxa2 20. Rxd7 Nxd7 21. Qxd7 Rad8 22. Qa4 Qb2 23. h4 Re7 24. Qa5 Bb6 25. Qb4 Red7 26. c5 Rd4 27. Nxd4 Rxd4 28. cxb6 Rxb4 29. bxa7 1-0

[Event "FICGS W-ch st1 g14 email"]
[Site "FICGS email"]
[Date "2008.01.08"]
[Round "1"]
[White "Alvarez, David"]
[Black "Turu, Indrek"]
[Result "0-1"]
[WhiteElo "1573"]
[BlackElo "1736"]
[PlyCount "40"]
[EventDate "2008.??.??"]
[EventType "tourn (corr)"]
[EventRounds "8"]
[SourceTitle "Corr 2022"]
[Source "ChessBase"]
[SourceDate "2021.10.24"]
[SourceVersion "1"]
[SourceVersionDate "2021.10.24"]
[SourceQuality "1"]

1. e4 e6 2. d4 d5 3. Nd2 c5 4. exd5 Qxd5 5. Ngf3 cxd4 6. Bc4 Qd6 7. Nb3 Qb4+ 8. Nbd2 Nc6 9. 0-0 Nf6 10. Re1 Be7 11. a3 Qd6 12. Nb3 e5 13. Bg5 0-0 14. Qe2 Bg4 15. h3 Bxf3 16. Qxf3 a6 17. Rad1 b5 18. Bd3 h6 19. Qf5 g6 20. Qf3 hxg5 0-1